Normal view
MARC view
Entry Personal Name
001 - CONTROL NUMBER
- control field: 379583
003 - CONTROL NUMBER IDENTIFIER
- control field: OSt
005 - DATE AND TIME OF LATEST TRANSACTION
- control field: 20220927110640.0
008 - FIXED-LENGTH DATA ELEMENTS
- fixed length control field: 220927|| aca||aabn | a|a d
040 ## - CATALOGING SOURCE
- Original cataloging agency: OSt
- Transcribing agency: OSt
100 ## - HEADING--PERSONAL NAME
- Personal name: India Irrigation and Power(M-O-)
670 ## - SOURCE DATA FOUND
- Source citation: Work cat.: (OSt)697508: India Irrigation and Power(M-O-) 379582, Report. 1952-53 to 1956-57.
